KOSÁRY DOMOKOS, BEVEZETÉS MAGYARORSZÁG TÖRTÉNETÉNEK FORRÁSAIBA ÉS IRODALMÁBA I.

Bibliographic Details
Main Author: Varga, Alexander (Author)
Format: Article
Language:Slovak

MARC

LEADER 00000nab a2200000uu 4500
001 vtls010877538
003 SK-MaSNL
005 20260303145133.0
008 230222|1973 xo |||||||||||||||||slo|
015 |a SNBRB 
035 |a (urnnbn)urn:nbn:sk:snk:ar-005sgn 
035 |a (uuid)344b5e7c-fc68-4628-b102-aceb0ce21697 
035 |a urn:nbn:sk:snk-ab7lxl 
040 |a SNKBUCL  |b slo  |c SNKBUCL  |e AACR2 
041 0 |a slo 
044 |a xo  |c SK 
100 1 |a Varga, Alexander  |4 aut  |9 380215 
245 1 0 |a KOSÁRY DOMOKOS, BEVEZETÉS MAGYARORSZÁG TÖRTÉNETÉNEK FORRÁSAIBA ÉS IRODALMÁBA I.  |c Alexander Varga 
773 0 |t Slovenská archivistika  |g Roč. 8, č. 2 (1973), s. 154-158 
954 |a odborná, vedecká literatúra pôvodná (slovenská)  |2 lita 
958 |a OND 
958 |a EUIPO 
958 |a article8 
999 |c 2000764  |d 2002694